000 00858cam a22002172a 4500
001 012695
003 AR-FADEU
008 311216n1983####xxu####################dd
020 _a92-3-301793-1
092 _a620.8
_bM489
245 _aEl MEDIO ambiente y la enseñanza de la ingeniería
260 _aParís
260 _bUnesco
260 _c1983
300 _a125 p
440 _aEstudios sobre la enseñanza de la ingeniería
_n9
500 _aContiene: Introducción / David Brancher -- Las ciencias del trabajo y el ingeniero / Gideon Gerhardsson -- La tecnología apropiada en la enseñanza de la ingeniería / David Brancher -- La ingeniería ambiental en la enseñanza y en la práctica / Hassan M. -- La organización del proceso / David Brancher
700 _aDavid, Brancher, dir.
650 _aINGENIERIA-ENSEÑANZA
942 _cBDGR
999 _c18463
_d18463